Japanese economic statistics

Сохранить в:
Библиографические подробности
Формат:
Язык:Undetermined
Опубликовано: [Japan] 1951
Предметы:
Метки: Добавить метку
Нет меток, Требуется 1-ая метка записи!
Thư viện lưu trữ: Trung tâm Học liệu Trường Đại học Cần Thơ
LEADER 00405nam a2200157Ia 4500
001 CTU_105238
008 210402s9999 xx 000 0 und d
082 |a 330.952 
082 |b J35/No.56 
245 0 |a Japanese economic statistics 
260 |a [Japan] 
260 |c 1951 
650 |a japan 
650 |x Economi conditions 
904 |i M.Loan 
980 |a Trung tâm Học liệu Trường Đại học Cần Thơ